000 00768nam a2200241Ia 4500
003 OSt
005 20220916110915.0
006 a|||||r|||| 00| 0
007 ta
008 220915b |||||||| |||| 00| 0 hin d
024 _a215147
037 _cTextbook
040 _bhin
_aARTS
_cARTS
041 _ahin
082 _aO9v5, 152L3-;1(TTPH)
100 _aबद्रीनाथ सिंह
245 0 _aपाश्चात्य दर्शन
246 _aPāshchātya darshana
260 _aवाराणसी
_bस्टडेण्ट्स फ्रेण्ड्स
_c1973
300 _a300पृ0
_ccm.
942 _hO9v5, 152L3-;1(TTPH)
_cTB
_2CC
999 _c101032
_d101032